| 000 | 009170000a22002650004500 | ||
|---|---|---|---|
| 003 | LK-CoMWRAF | ||
| 005 | 20230828100012.0 | ||
| 008 | 230817t1992 ||||| |||| 00| 0 eng d | ||
| 020 | _a1856492400 | ||
| 040 |
_aLK-CoMWRAF _dLK-CoMWRAF _eLK-CoMWRAF |
||
| 041 | _aeng | ||
| 082 |
_a305.42 _bAGG |
||
| 100 | _aAgger, Inger | ||
| 242 | _aBlå værelse | ||
| 245 |
_aThe blue room: _btrauma and testimony among refugee women a psycho-social exploration |
||
| 260 |
_aLondon: _bZed Books, _c1992 |
||
| 300 |
_a138 p. ; 23 cm. _bBibliography and index included |
||
| 500 | _aThis shows how traumatic experiences can become liberating and empowering, enlightening and fascinating. | ||
| 650 | _aWOMEN REFUGEES-Mental health | ||
| 650 | _aWomen refugees--Interviews. | ||
| 650 | _aPost-traumatic stress disorder | ||
| 650 | _aSexual abuse victims--Mental health | ||
| 700 |
_aBille, Mary _etrans. |
||
| 942 | _cBK | ||
| 999 |
_c1414 _d1414 |
||